000 00912nam a22002657a 4500
003 DO-SdBPM
005 20250528115248.0
008 161205b2010 sp a 00| 0 spa d
020 _a9786124063718
040 _aDO-SdBPM
_bspa
_cBPMSU
_erda
082 4 _a833.7
_bG864fl 2010
_222
100 1 _a Grimm, Jacob Ludwig Karl,
_d1785-1863.
_c
245 1 3 _aEl flautista de Hamelín /
_chermanos Grimm ; ilustración Gerson Jara Morales
260 _aBarcelona :
_bEducativa,
_c2010
300 _a[12 ]p. :
_bil., ;
_c28 cm.
490 0 _aCuentos selectos
_v
590 _aInventariado, 2025/VM
650 4 _a Cuentos infantiles alemanes
_y
650 4 _aLiteratura infantil alemana
_y
650 4 _aLibros ilustrados para niños
_v
700 1 _aGrimm, Wilhelm Karl
_d1786-1859.
_e autor
700 1 _aJara Morales, Gerson
_eilustrador
910 _aVMateo V. Control de calidad. BPMSU
942 _2ddc
_cBK
999 _c15111
_d15111